Work-life balance of women in police service / (Record no. 170569)
[ view plain ]
| 000 -LEADER | |
|---|---|
| fixed length control field | 00667nam a2200193 4500 |
| 005 - DATE AND TIME OF LATEST TRANSACTION | |
| control field | 20191217171654.0 |
| 010 ## - LCCN (DPL NO) | |
| LC control number | ENG-127182 |
| 020 ## - INTERNATIONAL STANDARD BOOK NUMBER | |
| International Standard Book Number | 9789389146684 |
| Terms of availability | 485.00 |
| 035 ## - SYSTEM CONTROL NUMBER | |
| System control number | EN-110714 |
| 037 ## - SOURCE OF ACQUISITION | |
| Source of stock number/acquisition | DBAD/PUB |
| 082 ## - DEWEY DECIMAL CLASSIFICATION NUMBER | |
| Classification number | 363.2 |
| 100 ## - MAIN ENTRY--PERSONAL NAME | |
| Personal name | Anuradha, A.J |
| 245 ## - TITLE STATEMENT | |
| Title | Work-life balance of women in police service / |
| Statement of responsibility, etc | by A.J.Anuradha [and] S.John Gabriel |
| 260 ## - PUBLICATION, DISTRIBUTION, ETC. (IMPRINT) | |
| Place of publication, distribution, etc | Tamil Nadu |
| Name of publisher, distributor, etc | Shanlax Publications |
| Date of publication, distribution, etc | 2019 |
| 270 ## - ADDRESS | |
| Address | 61, 66 T.P.K. Main Road |
| City | Vasantha Nagar, Madurai |
| Postal code | 625003 |
| Telephone number | 0452-4208765, 7639303383 |
| Electronic mail address | publisher@shanlaxpublications.com |
| 300 ## - PHYSICAL DESCRIPTION | |
| Extent | 231p . |
| Dimensions | 21cm(pbk) |
| 700 ## - ADDED ENTRY--PERSONAL NAME | |
| Personal name | Gabriel, S.John |
| 942 ## - ADDED ENTRY ELEMENTS (KOHA) | |
| Source of classification or shelving scheme | Dewey Decimal Classification |
| Item type | English Books |
| Classification part | 363.2 |
| Call number suffix | ANU |
| Withdrawn status | Lost status | Not for loan | Collection code | Home library | Current library | Date acquired | Source of acquisition | Cost, normal purchase price | Full call number | Barcode | Copy number | Cost, replacement price | Koha item type |
|---|---|---|---|---|---|---|---|---|---|---|---|---|---|
| Non-fiction | Ashok Vihar | Ashok Vihar | 17/12/2019 | DBAD/PUB | 485.00 | 363.2 ANU | EN-110714 | 1 | 485.00 | English Books |
